20,000 Leagues under the Sea (Record no. 15583)
[ view plain ]
| 000 -LEADER | |
|---|---|
| fixed length control field | 03597nga a22005657a 4500 |
| 006 - FIXED-LENGTH DATA ELEMENTS--ADDITIONAL MATERIAL CHARACTERISTICS--GENERAL INFORMATION | |
| fixed length control field | a|||||s|||||00| 0 |
| 007 - PHYSICAL DESCRIPTION FIXED FIELD--GENERAL INFORMATION | |
| fixed length control field | tz |
| 008 - FIXED-LENGTH DATA ELEMENTS--GENERAL INFORMATION | |
| fixed length control field | 110612s20031954cau|||||s|||| 00| 0 eng d |
| 020 ## - INTERNATIONAL STANDARD BOOK NUMBER | |
| International Standard Book Number | 0788838083 |
| 020 ## - INTERNATIONAL STANDARD BOOK NUMBER | |
| International Standard Book Number | 9780788838088 |
| 082 ## - DEWEY DECIMAL CLASSIFICATION NUMBER | |
| Edition number | 22 |
| Classification number | 791.4372 |
| Item number | LEA |
| 245 00 - TITLE STATEMENT | |
| Title | 20,000 Leagues under the Sea |
| Medium | [videorecording] / |
| Statement of responsibility, etc | Produced by, Walt Disney ; screenplay by Earl Felton ; directed by Richard Fleischer. |
| 246 ## - VARYING FORM OF TITLE | |
| Title proper/short title | Twenty thousand leagues under the sea |
| 250 ## - EDITION STATEMENT | |
| Edition statement | Special ed. |
| 260 ## - PUBLICATION, DISTRIBUTION, ETC. (IMPRINT) | |
| Place of publication, distribution, etc | [United States] : |
| Name of publisher, distributor, etc | Walt Disney Home Entertainment ; |
| Place of publication, distribution, etc | Burbank, CA : |
| Name of publisher, distributor, etc | Buena Vista Home Entertainment, [2003] |
| Date of publication, distribution, etc | [2003] |
| 300 ## - PHYSICAL DESCRIPTION | |
| Extent | 2 videodiscs (127 min.) : |
| Other physical details | sd., col. ; |
| Dimensions | 4 3/4 in. |
| 500 ## - GENERAL NOTE | |
| General note | Title on container: Walt Disney presents 20,000 leagues under the sea |
| 500 ## - GENERAL NOTE | |
| General note | Originally released as a motion picture in 1954 |
| 500 ## - GENERAL NOTE | |
| General note | Based on the novel "Vingt Mille lieues sous les mers" by Jules Verne |
| 500 ## - GENERAL NOTE | |
| General note | Special features: all-new audio commentaries with director Richard Fleischer and classic film historian and author, Rudy Behlmer; original 1954 theatrical radio spots; Peter Lorre's ADR tracks - a glimpse into the process of dialogue replacement before final edit; Captain Nemo's organ music; "The making of 20,000 leagues under the sea" featurette; "Jules Verne & Walt Disney - explorers of the imagination" behind-the-scenes featurette; "The Humboltsquid: real sea monster!"; "Touring the Nautilius"; "Monsters of the deep"; "Nemo's death" script excerpt; "The musical legacy of Paul Smith"; "Lost treasure: the sunset squid sequence"; "Grand Canyonscope"; theatrical trailer; storyboard-to-scene comparison & unused animation |
| 508 ## - CREATION/PRODUCTION CREDITS NOTE | |
| Creation/production credits note | Director of photography, Franz Planer ; art director, John Meehan ; editor, Elmo Williams ; costume designer, Norman Martien. |
| 511 ## - PARTICIPANT OR PERFORMER NOTE | |
| Participant or performer note | Kirk Douglas, James Mason, Paul Lukas, Peter Lorre, Robert J. Wilke, Ted de Corsia, J.M. Kerrigan. |
| 520 ## - SUMMARY, ETC. | |
| Summary, etc | A trouble-shooting 19th century seaman is trying to discover why so many whaling ships have been disappearing of late. Teaming with a scientist and a diver, they set sail to investigate. They are promptly captured by the megalomaniac Captain Nemo, who skippers a lavish, scientifically advanced submarine |
| 538 ## - SYSTEM DETAILS NOTE | |
| System details note | DVD, Dolby digital 5.1 surround sound, THX certified, Region 1 encoding, NTSC. |
| 546 ## - LANGUAGE NOTE | |
| Language note | Closed-captioned |
| 586 ## - AWARDS NOTE | |
| Awards note | Academy Award for Best Art Direction-Set Decoration, Color, Best Effects, Special Effects, 1954 |
| 650 ## - SUBJECT ADDED ENTRY--TOPICAL TERM | |
| 9 (RLIN) | 25004 |
| Topical term or geographic name as entry element | Sailors |
| Form subdivision | Drama |
| 650 ## - SUBJECT ADDED ENTRY--TOPICAL TERM | |
| 9 (RLIN) | 25005 |
| Topical term or geographic name as entry element | Whaling ships |
| Form subdivision | Drama |
| 653 ## - INDEX TERM--UNCONTROLLED | |
| Arrived date list | June2011 |
| 655 ## - INDEX TERM--GENRE/FORM | |
| Genre/form data or focus term | Adventure films |
| 700 ## - ADDED ENTRY--PERSONAL NAME | |
| 9 (RLIN) | 25006 |
| Personal name | Disney, Walt |
| Dates associated with a name | 1901-1966 |
| 700 ## - ADDED ENTRY--PERSONAL NAME | |
| 9 (RLIN) | 25007 |
| Personal name | Felton, Earl |
| Relator term | aus |
| 700 ## - ADDED ENTRY--PERSONAL NAME | |
| 9 (RLIN) | 25008 |
| Personal name | Fleischer, Richard |
| Relator term | drt |
| 700 ## - ADDED ENTRY--PERSONAL NAME | |
| 9 (RLIN) | 24995 |
| Personal name | Douglas, Kirk |
| Dates associated with a name | 1916- |
| Relator term | act |
| 700 ## - ADDED ENTRY--PERSONAL NAME | |
| 9 (RLIN) | 25009 |
| Personal name | Mason, James |
| Dates associated with a name | 1909- |
| Relator term | act |
| 700 ## - ADDED ENTRY--PERSONAL NAME | |
| 9 (RLIN) | 25010 |
| Personal name | Lukas, Paul |
| Dates associated with a name | 1894-1971 |
| Relator term | act |
| 700 ## - ADDED ENTRY--PERSONAL NAME | |
| 9 (RLIN) | 25011 |
| Personal name | Lorre, Peter |
| Relator term | act |
| 700 ## - ADDED ENTRY--PERSONAL NAME | |
| 9 (RLIN) | 25027 |
| Personal name | Wilke, Robert J. |
| Dates associated with a name | 1914-1989 |
| Relator term | act |
| 700 ## - ADDED ENTRY--PERSONAL NAME | |
| 9 (RLIN) | 25028 |
| Personal name | De Corsia, Ted |
| Relator term | act |
| 700 ## - ADDED ENTRY--PERSONAL NAME | |
| 9 (RLIN) | 25029 |
| Personal name | Kerrigan, J. M. |
| Dates associated with a name | 1884-1964 |
| Relator term | act |
| Fuller form of name | Joseph M. |
| 700 ## - ADDED ENTRY--PERSONAL NAME | |
| 9 (RLIN) | 25030 |
| Personal name | Meehan, John |
| Dates associated with a name | 1902-1963 |
| Relator term | ard |
| 700 ## - ADDED ENTRY--PERSONAL NAME | |
| 9 (RLIN) | 25030 |
| Personal name | Meehan, John |
| Dates associated with a name | 1902-1963 |
| Relator term | aut |
| 700 ## - ADDED ENTRY--PERSONAL NAME | |
| 9 (RLIN) | 25031 |
| Personal name | Planer, Franz E. |
| Dates associated with a name | 1894-1963 |
| Relator term | cng |
| 700 ## - ADDED ENTRY--PERSONAL NAME | |
| 9 (RLIN) | 25032 |
| Personal name | Williams, Elmo |
| Dates associated with a name | 1913- |
| Relator term | edt |
| 700 ## - ADDED ENTRY--PERSONAL NAME | |
| 9 (RLIN) | 25033 |
| Personal name | Martien, Norman |
| Relator term | cst |
| 710 ## - ADDED ENTRY--CORPORATE NAME | |
| 9 (RLIN) | 25012 |
| Corporate name or jurisdiction name as entry element | Walt Disney Pictures |
| Relator term | pro |
| 710 ## - ADDED ENTRY--CORPORATE NAME | |
| 9 (RLIN) | 25013 |
| Corporate name or jurisdiction name as entry element | Walt Disney Home Entertainment (Firm) |
| Relator term | dst |
| 710 ## - ADDED ENTRY--CORPORATE NAME | |
| 9 (RLIN) | 25034 |
| Corporate name or jurisdiction name as entry element | Buena Vista Home Entertainment (Firm) |
| Relator term | dst |
| 942 ## - ADDED ENTRY ELEMENTS (KOHA) | |
| Source of classification or shelving scheme | Dewey Decimal Classification |
| Item type | CD | DVD - Movie (NB) |
| Withdrawn status | Lost status | Source of classification or shelving scheme | Damaged status | Not for loan | Koha collection | Location (home branch) | Sublocation or collection (holding branch) | Shelving location | Date acquired | Source of acquisition | Cost, normal purchase price | Invoice Number | Koha issues (times borrowed) | Koha full call number | Piece designation (barcode) | Koha date last seen | Price effective from | Koha item type | Public note |
|---|---|---|---|---|---|---|---|---|---|---|---|---|---|---|---|---|---|---|---|
| Dewey Decimal Classification | Baccah | Central Library | Central Library | Second Floor | 12/06/2011 | Purchase | 159.00 | 12344 | 791.4372 LEA | 000024083 | 24/08/2022 | 12/06/2011 | CD | DVD - Movie (NB) | 2 DVDs |